000 01060nam a22002657a 4500
001 72337
003 BD-RjUL
005 20211209082240.0
008 170516s2009 bg ||||| b||| 001 0 ben d
020 _a9840747851 :
_c TK. : 280.00
035 _a(BD-RjUL)72554
040 _aBD-RjUL
_beng
_cBD-RjUL
041 _aeng
082 _223
_a780.922
_bWAL 2009
100 1 _aওয়াহাব, আবদুল
_9213923
245 1 0 _aলালন-হাসান
_bজীবন-কর্ম-সমাজ /
_cআবদুল ওয়াহাব
260 _aঢাকা
_bবাংলা একাডেমী,
_c২০০৯
300 _a[১৬], ৫৫২ পৃ ;
_b২২ সেমি.
504 _aসংযুক্ত গ্রন্থপুঞ্জি ও নির্ঘণ্ট
600 _aChowdhury, Dewan Hasan Raja,
_d1854-1922
_9213928
600 _aShah, Lalon,
_d1772-1890
_9213929
650 _aগানের সুরকার
_xজীবনী
_9213926
650 _aComposer of songs
_xBiographies
_9213927
942 _2ddc
_cBK
999 _c72337
_d72337